00409nam a2200181Ia 4500008004100000020001800041050001500059100001900074245001300093245002200106260001500128260001600143260000900159300001400168300002700182300001000209500000800219170918s9999 xx 000 0 und d a9780590463201 bS596 1989  aSimon, Seymour aStorms / cby Seymour Simon. aNew York : bScholastic, c1989 aunpaged : bcolored illustration ; c23cm. a940